Culture générale - numéro 10 - Statistiques

Statistiques générales
  • Ce quiz a été pris 273 fois
    230 depuis la dernière actualisation
  • Le résultat moyen est 8 sur 15
Statistiques - réponses
Question Réponse % Correct
Quelle résultat donne toujours les deux faces opposées d'un dé classique? 7
95%
Comment se prénomme la petite sirène? Ariel
84%
Qu'est ce qu'un cumulonimbus? Un nuage
84%
Combien de fleuves traversent l'Arabie saoudite? 0
69%
Le bronze est un alliage d'étain et de quel autre matériau? Cuivre
65%
Quelle est la main la plus forte au Poker? le Quinte Flush Royale
59%
Quel record est de 98,48 mètres? le lancer de Javelot
57%
Quelle chaîne de montagnes en Russie marque traditionnellement la limite entre l'Europe et l'Asie? l'Oural
53%
Quel nom commençant par V désignait un ministre de l'empire Ottoman? un Vizir
53%
Dans quel pays se situe la région d'Anatolie? la Turquie
49%
Comment se nomme le point le plus éloigné de toute terre émergée? le Point Nemo
49%
Dans quel pays africain a été découvert l'australopithèque Lucy? l'Éthiopie
49%
Qui est le chanteur du groupe The Doors, décédé à 27 ans? Jim Morrison
36%
Quel mot du dictionnaire se situe entre socialement et socialiser? Socialisation
26%
Quelle type d'entreprise est Wells Fargo? une Banque
14%
Aucun quiz correspondant
Distribution des résultats
% des personnes avec chaque résultat
Percentile par nombre de réponses
Votre historique - résultats
Vous n’avez pas pris ce quiz depuis la dernière actualisation